000 00188 a2200097 4500
020 _a9780822531821
041 _aspa
100 _aNelson, Robin
245 _aObedecer las reglas
942 _cBK
999 _c9298
_d9298